[Event "Mittelfranken-ch QT"]
[Site "Nuremberg"]
[Date "2015.04.04"]
[Round "7"]
[White "Dreiseitel, Werner"]
[Black "Rummel, Gerald"]
[Result "0-1"]
[WhiteElo "1571"]
[BlackElo "1809"]
[PlyCount "64"]
[EventDate "2015.04.01"]
[EventType "swiss"]
[EventRounds "7"]
[EventCountry "GER"]
[SourceTitle "CBM 166 Extra"]
[Source "ChessBase"]
[SourceDate "2015.06.18"]
[SourceVersion "1"]
[SourceVersionDate "2015.06.18"]
[SourceQuality "1"]

1. d4 Nf6 2. Nf3 g6 3. Bf4 Bg7 4. e3 0-0 5. h3 d6 6. Bc4 c6 7. 0-0 b5 8. Bd3 Nbd7 9. c3 Nb6 10. Nbd2 a6 11. e4 Nfd7 12. e5 dxe5 13. dxe5 Nc5 14. Bc2 Nd3 15. Bxd3 Qxd3 16. Nb3 Qc4 17. Qd4 Nd5 18. Bg3 a5 19. Qxc4 bxc4 20. Nbd2 Nb6 21. Ne4 Be6 22. Rfd1 Bd5 23. Ned2 Na4 24. Rab1 e6 25. Re1 Rab8 26. Ne4 Nxb2 27. Nd6 Na4 28. Nd4 Nxc3 29. Rbc1 Nxa2 30. Rc2 c3 31. Ne2 Kh8 32. Ra1 Rb2 0-1

[Event "Mittelfranken Mitte-ch"]
[Site "Zirndorf"]
[Date "2015.01.06"]
[Round "6"]
[White "Nagel, Felix"]
[Black "Dreiseitel, Werner"]
[Result "1-0"]
[WhiteElo "1626"]
[BlackElo "1455"]
[PlyCount "57"]
[EventDate "2015.01.02"]
[EventType "swiss"]
[EventRounds "7"]
[EventCountry "GE2"]
[SourceTitle "EXT 2018"]
[Source "ChessBase"]
[SourceDate "2017.10.13"]
[SourceVersion "1"]
[SourceVersionDate "2017.10.13"]
[SourceQuality "1"]

1. d4 d5 2. c4 c6 3. cxd5 cxd5 4. Nc3 Nf6 5. Bf4 a6 6. e3 e6 7. Bd3 Nc6 8. a3 Bd7 9. h3 Be7 10. Nge2 0-0 11. 0-0 Rc8 12. f3 Na5 13. e4 dxe4 14. fxe4 h6 15. Bc2 Nc4 16. e5 Nxb2 17. Qc1 Nd5 18. Qxb2 Nxf4 19. Nxf4 Bc6 20. Nce2 g5 21. Nh5 Qd5 22. Rf2 Kh8 23. Qb3 Qa5 24. Qd3 f5 25. exf6 Rf7 26. fxe7 Rxe7 27. Qg6 Qc7 28. Qxh6+ Kg8 29. Nf6+ 1-0

[Event "Mittelfranken Mitte-ch"]
[Site "Zirndorf"]
[Date "2015.01.03"]
[Round "2"]
[White "Dreiseitel, Werner"]
[Black "Mantel, Hubert"]
[Result "0-1"]
[WhiteElo "1455"]
[BlackElo "1669"]
[PlyCount "78"]
[EventDate "2015.01.02"]
[EventType "swiss"]
[EventRounds "7"]
[EventCountry "GE2"]
[SourceTitle "EXT 2018"]
[Source "ChessBase"]
[SourceDate "2017.10.13"]
[SourceVersion "1"]
[SourceVersionDate "2017.10.13"]
[SourceQuality "1"]

1. d4 e6 2. c4 d5 3. Nc3 f5 4. Bf4 c6 5. e3 Nf6 6. h3 Be7 7. Be2 0-0 8. Qc2 Ne4 9. Nf3 Nd7 10. 0-0 g5 11. Bh2 Qe8 12. Nxe4 fxe4 13. Nd2 Qg6 14. f3 Nf6 15. fxe4 g4 16. hxg4 Nxg4 17. Rxf8+ Bxf8 18. Bxg4 Qxg4 19. exd5 exd5 20. cxd5 cxd5 21. Bf4 Bf5 22. Qb3 Rd8 23. Qxb7 Rd7 24. Qc6 Qe2 25. Qc1 Rg7 26. g3 Bh3 27. Qf1 Bxf1 28. Nxf1 Qxb2 29. Rd1 Qxa2 30. Rd2 Qb1 31. Rh2 Bb4 32. Rh5 Qe4 33. Re5 Qf3 34. Re8+ Kf7 35. Rb8 Be1 36. Rb2 Bxg3 37. Rb7+ Kf6 38. Rxg7 Qf2+ 39. Kh1 Qxf1# 0-1

[Event "Mittelfranken Mitte-ch"]
[Site "Zirndorf"]
[Date "2015.01.03"]
[Round "3"]
[White "Mantel, Hans"]
[Black "Dreiseitel, Werner"]
[Result "1/2-1/2"]
[WhiteElo "1503"]
[BlackElo "1455"]
[PlyCount "54"]
[EventDate "2015.01.02"]
[EventType "swiss"]
[EventRounds "7"]
[EventCountry "GE2"]
[SourceTitle "EXT 2018"]
[Source "ChessBase"]
[SourceDate "2017.10.13"]
[SourceVersion "1"]
[SourceVersionDate "2017.10.13"]
[SourceQuality "1"]

1. e4 c6 2. Nc3 d5 3. Nf3 Bg4 4. h3 Bh5 5. g4 Bg6 6. exd5 cxd5 7. Ne5 a6 8. h4 f6 9. Nxg6 hxg6 10. Bg2 e6 11. Qe2 Kf7 12. d4 Bb4 13. Bd2 Nc6 14. Qe3 Nge7 15. f4 Qb6 16. a3 Nxd4 17. Kd1 Bd6 18. Ne2 Qxb2 19. Qxd4 Qb5 20. a4 Qd7 21. Qd3 Rac8 22. Bc3 Rc4 23. f5 Rxg4 24. fxe6+ Qxe6 25. Bh3 Rhxh4 26. Bxg4 Rxg4 27. Kc1 Bc5 1/2-1/2

[Event "Forchheim op-B 13th"]
[Site "Forchheim"]
[Date "2014.10.05"]
[Round "5"]
[White "Dreiseitel, Werner"]
[Black "Unkelbach, Manfred"]
[Result "0-1"]
[WhiteElo "1557"]
[BlackElo "1926"]
[PlyCount "74"]
[EventDate "2014.10.03"]
[EventType "swiss"]
[EventRounds "5"]
[EventCountry "GER"]
[SourceTitle "EXT 2019"]
[Source "ChessBase"]
[SourceDate "2018.10.10"]
[SourceVersion "1"]
[SourceVersionDate "2018.10.10"]
[SourceQuality "1"]

1. d4 d5 2. c4 e6 3. Nc3 Nf6 4. Bg5 Be7 5. e3 c6 6. Nf3 h6 7. Bf4 Nbd7 8. Be2 Bb4 9. 0-0 Bxc3 10. bxc3 Ne4 11. Qc2 0-0 12. cxd5 exd5 13. c4 Nef6 14. c5 Ne4 15. a4 Qa5 16. Rfd1 Ndf6 17. Rdc1 Re8 18. h3 Re7 19. Qb2 Bf5 20. Ne5 Rd8 21. Nd3 Bc8 22. Qb4 Qxb4 23. Nxb4 g5 24. Be5 Nd7 25. Bh2 f5 26. Bh5 Ndf6 27. Bf3 Nd2 28. Be2 Nb3 29. Be5 Rf7 30. Bd1 Nxa1 31. Rxa1 Kh7 32. a5 a6 33. Rb1 Kg6 34. Nd3 Ne4 35. Bb8 Re7 36. Be5 h5 37. Kf1 Nd2+ 0-1

[Event "Forchheim op-B 13th"]
[Site "Forchheim"]
[Date "2014.10.03"]
[Round "2"]
[White "Braun, Kristin"]
[Black "Dreiseitel, Werner"]
[Result "1-0"]
[WhiteElo "1793"]
[BlackElo "1557"]
[PlyCount "83"]
[EventDate "2014.10.03"]
[EventType "swiss"]
[EventRounds "5"]
[EventCountry "GER"]
[SourceTitle "EXT 2019"]
[Source "ChessBase"]
[SourceDate "2018.10.10"]
[SourceVersion "1"]
[SourceVersionDate "2018.10.10"]
[SourceQuality "1"]

1. Nf3 d5 2. g3 c6 3. Bg2 Bf5 4. d3 e6 5. 0-0 Nf6 6. e3 h6 7. Nc3 Be7 8. Nh4 Bh7 9. f4 Nbd7 10. Nf3 Qc7 11. Re1 0-0 12. e4 dxe4 13. dxe4 Bc5+ 14. Kh1 a6 15. e5 Nd5 16. Nxd5 cxd5 17. c3 Rfc8 18. Nd4 b5 19. Be3 Rab8 20. Qg4 b4 21. Nxe6 fxe6 22. Qxe6+ Kh8 23. Qxd5 Bxe3 24. Rxe3 Nb6 25. Qd6 Qxd6 26. exd6 Nc4 27. Bh3 Nxe3 28. Bxc8 Rxc8 29. Re1 Nf5 30. d7 Nd6 31. dxc8Q+ Nxc8 32. Re8+ Bg8 33. Rxc8 bxc3 34. bxc3 Kh7 35. Rxg8 Kxg8 36. Kg2 Kf7 37. Kf3 Ke6 38. Ke4 h5 39. h3 g6 40. g4 Kf6 41. c4 g5 42. gxh5 1-0